| 000 | 00909nam a2200241 i 4500 | ||
|---|---|---|---|
| 001 | 88886 | ||
| 003 | ES-MaACL | ||
| 005 | 20250302165026.0 | ||
| 007 | t| | ||
| 008 | 041228s1997 sp ||||1| spa d | ||
| 020 | _a84-88406-23-1 | ||
| 080 | _a75 Urculo, Eduardo (083.824) | ||
| 100 |
_aÚrculo, Eduardo, _9234294 _d1938-2003 |
||
| 245 | 1 | 0 |
_aEduardo Úrculo : _bexposición retrospectiva, 1957-1997 : Centro Cultural de la Villa, Madrid, 24 de septiembre - 23 de noviembre, 1997. |
| 260 |
_a[Madrid] : _bCentro Cultural de la Villa, _c[1997] |
||
| 300 |
_a128 p. : _bil. col. ; _c30 cm. |
||
| 600 | 0 |
_aÚrculo, Eduardo, _d1938-2003 _9234294 |
|
| 655 | 7 |
_2tgfbne _9193628 _aCatálogos de exposiciones |
|
| 710 | 2 |
_aFernán Gomez. Centro Cultural de la Villa (Madrid) _9161980 |
|
| 852 |
_aES-MaACL _jE-10733 _bR.134950 _992139 _cDEPO2 |
||
| 942 |
_2udc _cMONOGRAFIA _n0 |
||
| 999 |
_c88886 _d88886 |
||